Management Information Systems:managing the digital firm (Record no. 1442)

MARC details
000 -LEADER
fixed length control field 00472nam a22001697a 4500
005 - DATE AND TIME OF LATEST TRANSACTION
control field 20180904150506.0
008 - FIXED-LENGTH DATA ELEMENTS--GENERAL INFORMATION
fixed length control field 160523b xxu||||| |||| 00| 0 eng d
020 ## - INTERNATIONAL STANDARD BOOK NUMBER
ISBN 81-297-0203-7
041 ## - LANGUAGE CODE
Language code of text/sound track or separate title eng
082 ## - DEWEY DECIMAL CLASSIFICATION NUMBER
Item number 4263
Classification number 658.403
100 ## - MAIN ENTRY--AUTHOR NAME
Personal name Laudon, Kenneth C & Laudon, Jane P
245 ## - TITLE STATEMENT
Title Management Information Systems:managing the digital firm
260 ## - PUBLICATION, DISTRIBUTION, ETC. (IMPRINT)
Place of publication New Delhi
Name of publisher Academic Faundation
Year of publication 2004
300 ## - PHYSICAL DESCRIPTION
Number of Pages 531p,
650 ## - SUBJECT ADDED ENTRY--TOPICAL TERM
Topical Term Management
942 ## - ADDED ENTRY ELEMENTS (KOHA)
Koha item type Books
Holdings
Lost status Damaged status Collection code Home library Current library Shelving location Date acquired Cost, normal purchase price Full call number Accession Number Koha item type
    MANAGEMENT JRU Library JRU Library SHELF - 69 A 23/05/2016 350.00 658.403 4263 Books
    MANAGEMENT JRU Library JRU Library SHELF - 69 A 23/05/2016 350.00 658.403 4264 Books
    MANAGEMENT JRU Library JRU Library SHELF - 69 A 23/05/2016 350.00 658.403 4265 Books
    MANAGEMENT JRU Library JRU Library SHELF - 69 A 23/05/2016 350.00 658.403 4266 Books
    Reference JRU Library   SHELF-29-A 23/05/2016 350.00 658.403 4267 Books
    MANAGEMENT JRU Library JRU Library SHELF - 69 A 23/05/2016 350.00 658.403 4268 Books
    MANAGEMENT JRU Library JRU Library SHELF - 69 A 23/05/2016 350.00 658.403 4269 Books
    MANAGEMENT JRU Library JRU Library SHELF - 69 A 23/05/2016 350.00 658.403 4270 Books
    MANAGEMENT JRU Library JRU Library SHELF - 69 A 23/05/2016 350.00 658.403 4271 Books